00785nam a2200253 a 4500001001300000003000900013005001700022008004100039020002300080082001300103100001800116245006300134260004400197300000900241500003500250505001000285650002800295650003200323700001800355902000800373942000700381952012600388999001700514nice12345678IN_TiNIC20260116013802.0070405s1991 newa grp 000 0 eng  a0312064322 c44700a200bYOU aYoung, Dudley aOrigions of the Sacredb The Ecstasies of the Love and War aNewyork, USA bSt.Martin`s Press c1991 a378p aincludes index and biblioraphy2 aIndex aReligion-Historiography aEvolution-Religious Aspects1 aYoung, Dudley bSRS cBK 001040708StackRoom-aHMIbHMId2009-02-25g447.00l2o200 YOUp015043r2024-02-27s2024-02-16v447.00w2007-04-05yBK c12489d12489